000 00486nam a2200181 a 4500
001 22536
005 20180713220441.0
008 140415s1980 000 0 spa d
020 _a0256023271
041 _aspa
082 _a657.45
_bBAR
100 1 _aBARR, BEN B.
245 1 0 _aSHORT AUDIT CASE :
_bTHE VALLEY PUBLISHING COMPANY
260 _a[s.l.] :
_bRICHARD D. IRWIN,
_c1980
300 _a169
650 1 4 _aAUDITORIA
700 1 _aGRINAKER, ROBERT L.
_ecoaut.
999 _c22536
_d22536